000 00772nam0a22002651 4500
001 rc\4852428
005 20130426143529.9
021 _aRU
_bРг3502-64
035 _a(NLR Aleph) 008814900
090 _a8185214
_c8185214
100 _a20130426d1964 |||y0rusy50 ca
101 0 _arus
102 _aRU
105 _ay z |||||
200 1 _aМир далеких солнц
_fО-во "Знание" УССР. Науч.-метод. кабинет
210 _aКиев
_cБ. и.
_d1964
215 _a32 с.
_d20
225 1 _aВ помощь лектору
300 _aОтпеч. множит. аппаратом
700 1 _aХейло
_bЭ. С.
801 0 _aRU
_bNLR
_gpsbo
801 1 _aRU
_bELAR
_2rusmarc
852 _aNLR
_j64-4/7356
942 _cBOOK
980 _aNB